00618nam a22001097a 4500040000800000082002700008100003700035245037300072260002600445300002400471856001300495 cRUA aAGR OEU 2015 B516 Or.1 aOEU RAVY; អឿ រ៉ាវី aComparison of urea rate on bunching onion crop at koh dach sangkat reussey keo commune, phnom penh city; ការប្រៀបធៀបកម្រិតជីអ៊ុយរ៉េទៅលើដំណាំខ្ទឹមស្លឹកនៅសង្កាត់កោះដាច់ ខណ្ឌឬស្សីកែវ រាជធានីភ្នំពេញ aPhnom PenhbRUAc2015 ax;41p;bill;c29cm; uOEU RAVY